|
|
|
|
| LEADER |
00000naa2a2200000 4500 |
| 001 |
625558 |
| 005 |
20240117155336.0 |
| 035 |
|
|
|a (RuTPU)RU\TPU\conf\24818
|
| 035 |
|
|
|a RU\TPU\conf\24817
|
| 090 |
|
|
|a 625558
|
| 100 |
|
|
|a 20171215d2017 k y0rusy50 ca
|
| 101 |
0 |
|
|a rus
|
| 102 |
|
|
|a RU
|
| 105 |
|
|
|a y z 101zy
|
| 135 |
|
|
|a drgn ---uucaa
|
| 181 |
|
0 |
|a i
|
| 182 |
|
0 |
|a b
|
| 200 |
1 |
|
|a Функциональная диагностика повреждений обмотки ротора асинхронного двигателя
|f О. С. Рукавицын
|g науч. рук. О. С. Качин
|
| 203 |
|
|
|a Текст
|c электронный
|
| 225 |
1 |
|
|a Электрический привод
|
| 300 |
|
|
|a Заглавие с титульного экрана
|
| 320 |
|
|
|a [Библиогр.: с. 136-137 (4 назв.)]
|
| 461 |
|
1 |
|0 (RuTPU)RU\TPU\conf\24578
|t Интеллектуальные энергосистемы
|o труды V Международного молодёжного форума, 9-13 октября 2017 г., г. Томск
|o в 3 т.
|f Национальный исследовательский Томский политехнический университет (ТПУ), Энергетический институт (ЭНИН)
|d 2017
|
| 463 |
|
1 |
|0 (RuTPU)RU\TPU\conf\24582
|t Т. 2
|v [С. 133-137]
|d 2017
|
| 610 |
1 |
|
|a электронный ресурс
|
| 610 |
1 |
|
|a труды учёных ТПУ
|
| 610 |
1 |
|
|a функциональная диагностика
|
| 610 |
1 |
|
|a роторы
|
| 610 |
1 |
|
|a асинхронные двигатели
|
| 610 |
1 |
|
|a электрические машины
|
| 610 |
1 |
|
|a дефекты
|
| 610 |
1 |
|
|a нечеткие множества
|
| 610 |
1 |
|
|a нечеткая логика
|
| 700 |
|
1 |
|a Рукавицын
|b О. С.
|
| 702 |
|
1 |
|a Качин
|b О. С.
|c специалист в области электротехники
|f 1982-
|c доцент Томского политехнического университета, кандидат технических наук
|g Олег Сергеевич
|4 727
|9 12769
|
| 712 |
0 |
2 |
|a Национальный исследовательский Томский политехнический университет (ТПУ)
|b Энергетический институт (ЭНИН)
|b Кафедра электропривода и электрооборудования (ЭПЭО)
|3 (RuTPU)RU\TPU\col\18674
|
| 801 |
|
2 |
|a RU
|b 63413507
|c 20171219
|g RCR
|
| 856 |
4 |
|
|u http://earchive.tpu.ru/handle/11683/45251
|
| 942 |
|
|
|c BK
|